(ランダム20問)にじさんじライバー決まり字 - Statistics

General Stats
  • This quiz has been taken 184 times
    86 since last reset
  • The average score is 12 of 20
Answer Stats
Answer Hint % Correct
月ノ美兎 高校2年生。性
100%
樋口楓 V
100%
家長むぎ 21
100%
夕陽リリ 16歳の高校1年生。未
100%
突然
100%
赤羽葉子
100%
笹木咲 高校2年生。ゲ
100%
魔界ノりりむ 魔界から遊
100%
椎名唯華 ゲームが
100%
ドーラ 年齢3
100%
でびでび・でびる
100%
桜凛月
100%
夢追翔
100%
夢月ロア 人間に
100%
戌亥とこ
100%
愛園愛美
100%
葉山舞鈴 自然
100%
加賀美ハヤト
100%
天宮こころ 「龍
100%
エリー・コニファー
100%
ラトナ・プティ
100%
山神カルタ 日々山
100%
えま★おうがすと 魔界から逃
100%
奈羅花 まだ見
100%
イブラヒム 元石
100%
長尾景 皇都で祓
100%
甲斐田晴 皇都でも
100%
空星きらめ 大舞
100%
東堂コハク 学院高等部に通う3
100%
西園チグサ 学院高等部に通う2
100%
レイン・パターソン
100%
天ヶ瀬むゆ
100%
海妹四葉 「チ
100%
渡会雲雀 怪盗
100%
セラフ・ダズルガーデン 暗殺
100%
獅子堂あかり 元キ
100%
宇佐美リト
100%
叢雲カゲツ 人里
100%
小柳ロウ 魔を
100%
魁星 暗い
100%
梢桃音
100%
ルンルン
100%
雲母たまこ
100%
夜牛詩乃
100%
猫屋敷美紅 人間の
100%
皇れお ほしの学園2
100%
白砂あやね いつも真
100%
ギルザレンIII世 年齢4
100%
舞元啓介 4
80%
町田ちま 16歳の高校二
75%
ジョー・力一 正体
75%
小野町春香
75%
健屋花那
75%
鏑木ろこ 18
75%
榊ネス とある名
75%
伏見ガク 普段はア
67%
竜胆尊
67%
矢車りね 11
67%
魔使マオ 使
67%
不破湊
67%
弦月藤士郎 皇国
67%
風楽奏斗 マフ
67%
ミラン・ケストレル 怪し
67%
篠宮ゆの ほしの学園3
67%
小清水透 マイ
60%
える
50%
渋谷ハジメ 大学
50%
静凛 高校3
50%
モイラ 年齢不
50%
宇志海いちご 8
50%
本間ひまわり ゲームと
50%
シスター・クレア 普段は教
50%
花畑チャイカ 元名
50%
緑仙 本名
50%
卯月コウ 有名
50%
飛鳥ひな 17
50%
春崎エアル 26
50%
雨森小夜
50%
アンジュ・カトリーナ
50%
エクス・アルビオ 突如
50%
ニュイ・ソシエール
50%
夜見れな バーチャル世界に
50%
早瀬走
50%
フミ とある神
50%
オリバー・エバンス
50%
綺沙良
50%
酒寄颯馬
50%
五木左京
50%
フレン・E・ルスタリオ
50%
周央サンゴ
40%
社築 3
33%
四季凪アキラ
33%
石神のぞみ
33%
立伝都々
33%
北見遊征 日々悪
33%
物述有栖 16歳の高校1年生。転
0%
文野環 日中
0%
剣持刀也 16歳の高校2
0%
森中花咲 10
0%
葛葉
0%
轟京子
0%
鈴木勝 バーチャル世界を
0%
神田笑一 22
0%
鷹宮リオン 有数
0%
ベルモンド・バンデラス
0%
黒井しば 世に
0%
語部紡 とある学
0%
リゼ・ヘルエスタ
0%
三枝明那 大き
0%
雪城眞尋
0%
レヴィ・エリファ 人間界
0%
葉加瀬冬雪
0%
アルス・アルマル
0%
シェリン・バーガンディ 世の
0%
星川サラ 自分の可
0%
ルイス・キャミー
0%
白雪巴
0%
ましろ爻
0%
来栖夏芽
0%
北小路ヒスイ
0%
ローレン・イロアス
0%
レオス・ヴィンセント 日々怪
0%
先斗寧
0%
壱百満天原サロメ 本当
0%
五十嵐梨花
0%
ソフィア・ヴァレンタイン マス
0%
倉持めると
0%
佐伯イッテツ
0%
赤城ウェン
0%
緋八マナ まだま
0%
星導ショウ
0%
伊波ライ
0%
栞葉るり 正義
0%
司賀りこ
0%
珠乃井ナナ
0%
七瀬すず菜
0%
早乙女ベリー 自分の欲
0%
渚トラウト
0%
一橋綾人
0%
十河ののは
0%
蝸堂みかる
0%
城瀬いすみ ほしの学園1
0%
花籠つばさ 大阪
0%
水面まどか
0%
No matching quizzes found
Score Distribution
Percent of People with Each Score
Percentile by Number Answered
Your Score History
You have not taken this quiz since the last reset